Využitie Pd-katalyzovanej oxy-karbonylácie pri syntéze prírodných tetrahydropyránových derivátov
Saved in:
| Main Author: | |
|---|---|
| Other Authors: | |
| Format: | Manuscript Book |
| Language: | Slovak |
| Published: |
2025
|
| Subjects: | |
| Online Access: | http://is.stuba.sk/zp/portal_zp.pl?podrobnosti=179167 |
| Tags: |
No Tags, Be the first to tag this record!
|
MARC
| LEADER | 00000ntm a22000003a 4500 | ||
|---|---|---|---|
| 001 | stuzp105119 | ||
| 003 | SK-STU | ||
| 005 | 20250628212355.9 | ||
| 007 | ta | ||
| 008 | 150427s2015----xo-----f-mn---000-0-slo-d | ||
| 040 | |a STU |b slo | ||
| 041 | 0 | |a slo | |
| 100 | 1 | |a Wollner, Peter |u 048140 |4 aut |U FCHPT Ústav organickej chémie, katalýzy a petrochémie |T FCHPT Oddelenie organickej chémie |X 121531 |U C8140 |Y 124 |7 121531 | |
| 242 | 0 | 1 | |a The use of Pd-catalyzed oxy-carbonylation in the synthesis of natural tetrahydropyran derivatives |y eng |
| 245 | 1 | 0 | |a Využitie Pd-katalyzovanej oxy-karbonylácie pri syntéze prírodných tetrahydropyránových derivátov |
| 260 | |c 2025 | ||
| 650 | 4 | |a kyselina 8-hydroxy-3,7-epoxydekánová |2 slo | |
| 650 | 4 | |a Pd-katalyzovaná oxy-karbonylácia |2 slo | |
| 650 | 4 | |a Penicillium griseofulvum |2 slo | |
| 650 | 4 | |a štruktúrna analýza |2 slo | |
| 650 | 4 | |a Penicillium griseofulvum |2 eng | |
| 650 | 4 | |a Pd-catalyzed oxy-carbonylation |2 eng | |
| 650 | 4 | |a structural analysis |2 eng | |
| 650 | 4 | |a 8-hydroxy-3,7-epoxydecanoic acid |2 eng | |
| 700 | 1 | |a Malatinský, Tomáš |u 040630 |k Z2 |4 ths |U FCHPT Fakulta chemickej a potravinárskej technológie |T FCHPT Centrálne laboratóriá FCHPT |X 68564 |U C0630 |Y 687 |7 A0000068564 | |
| 856 | 4 | |u http://is.stuba.sk/zp/portal_zp.pl?podrobnosti=179167 | |